[Event "Chigorin Memorial 31st"]
[Site "St Petersburg"]
[Date "2024.10.28"]
[Round "3"]
[White "Puzyrevsky, Semen"]
[Black "Sannikov, Fedor"]
[Result "1-0"]
[WhiteElo "2246"]
[BlackElo "1756"]
[PlyCount "71"]
[EventDate "2024.10.26"]
[EventType "swiss"]
[EventRounds "9"]
[EventCountry "RUS"]
[SourceTitle "CB45_2024"]
[Source "ChessBase"]
[SourceDate "2024.11.06"]
[SourceVersion "1"]
[SourceVersionDate "2024.11.06"]
[SourceQuality "1"]

1. e4 c5 2. Nf3 Nc6 3. Bb5 Qc7 4. 0-0 a6 5. Bxc6 dxc6 6. a4 e5 7. a5 Nf6 8. d3 Be7 9. Nbd2 Be6 10. h3 h6 11. b3 0-0 12. Bb2 Nd7 13. Ra4 Bf6 14. Qa1 Rfe8 15. Nc4 Bxc4 16. Rxc4 Rad8 17. Kh1 Qd6 18. Nh2 Bg5 19. Ra4 Nf8 20. g3 Ng6 21. h4 Bf6 22. f4 h5 23. f5 Nf8 24. Qd1 g6 25. g4 hxg4 26. Nxg4 Nd7 27. Bc1 Bg7 28. Bg5 f6 29. Nh6+ Bxh6 30. Bxh6 Nf8 31. Qg4 Kf7 32. Rg1 g5 33. hxg5 fxg5 34. Qxg5 Qf6 35. Qh5+ Ke7 36. Bg5 1-0

[Event "St Petersburg Korchnoi Memorial op"]
[Site "St Petersburg"]
[Date "2024.08.20"]
[Round "6"]
[White "Makarchik, Arseniy Vik"]
[Black "Sannikov, Fedor"]
[Result "1-0"]
[WhiteElo "1607"]
[BlackElo "1797"]
[PlyCount "91"]
[EventDate "2024.08.17"]
[EventType "swiss"]
[EventRounds "9"]
[EventCountry "RUS"]
[SourceTitle "EXT 2025"]
[Source "ChessBase"]
[SourceDate "2024.10.14"]
[SourceVersion "1"]
[SourceVersionDate "2024.10.14"]
[SourceQuality "1"]

1. e4 e5 2. Nf3 Nc6 3. Bb5 a6 4. Bxc6 dxc6 5. 0-0 Bg4 6. h3 Bxf3 7. Qxf3 Qf6 8. Qc3 0-0-0 9. d3 g5 10. Nd2 Qe6 11. Nc4 f6 12. Be3 Ne7 13. Rad1 Ng6 14. Qb3 Kb8 15. Na5 Qxb3 16. Nxb3 Nf4 17. Kh2 b6 18. d4 Be7 19. Bxf4 gxf4 20. dxe5 fxe5 21. Nd2 Bc5 22. Nf3 Rxd1 23. Rxd1 Bxf2 24. Rd2 Be3 25. Rd7 Kc8 26. Re7 Rd8 27. Rxh7 Rd1 28. h4 Rd8 29. Rg7 Rh8 30. Kh3 Bc5 31. Kg4 Kd8 32. h5 Bd6 33. Kg5 Bf8 34. Rg6 Be7+ 35. Kg4 Bd6 36. Ng5 Ke8 37. h6 Kf8 38. Kf5 Rg8 39. Rxg8+ Kxg8 40. h7+ Kg7 41. h8Q+ Kxh8 42. Nf7+ Kg7 43. Nxd6 cxd6 44. Ke6 d5 45. Kxe5 dxe4 46. Kxe4 1-0

[Event "St Petersburg Korchnoi Memorial op"]
[Site "St Petersburg"]
[Date "2024.08.18"]
[Round "3"]
[White "Sannikov, Fedor"]
[Black "Dolinskaya, Mariia"]
[Result "0-1"]
[WhiteElo "1797"]
[BlackElo "2009"]
[PlyCount "44"]
[EventDate "2024.08.17"]
[EventType "swiss"]
[EventRounds "9"]
[EventCountry "RUS"]
[SourceTitle "CBM 221 Extra"]
[Source "ChessBase"]
[SourceDate "2024.09.30"]
[SourceVersion "1"]
[SourceVersionDate "2024.09.30"]
[SourceQuality "1"]

1. e4 e5 2. Nf3 Nc6 3. Bc4 Nf6 4. d3 Bc5 5. c3 a5 6. a4 d6 7. 0-0 h6 8. h3 g5 9. d4 Bb6 10. dxe5 Nxe5 11. Nxe5 dxe5 12. Qb3 Qe7 13. Nd2 g4 14. hxg4 Bxg4 15. Bb5+ Kf8 16. Nc4 Be6 17. Qc2 Ng4 18. g3 Bc5 19. Nd2 Qf6 20. Nb3 Bxb3 21. Qxb3 Qf3 22. Qc2 Qxg3+ 0-1

[Event "Chigorin Memorial 30th"]
[Site "St Petersburg"]
[Date "2023.10.29"]
[Round "9"]
[White "Sannikov, Fedor"]
[Black "Fedorov, Artem Alek"]
[Result "1/2-1/2"]
[WhiteElo "1583"]
[BlackElo "2053"]
[PlyCount "124"]
[EventDate "2023.10.21"]
[EventType "swiss"]
[EventRounds "9"]
[EventCountry "RUS"]
[SourceTitle "CBM 216 Extra"]
[Source "ChessBase"]
[SourceDate "2023.11.30"]
[SourceVersion "1"]
[SourceVersionDate "2023.11.30"]
[SourceQuality "1"]

1. e4 c5 2. Nf3 d6 3. d4 cxd4 4. Nxd4 Nf6 5. Nc3 a6 6. Be2 e5 7. Nf3 Be7 8. Bg5 Nbd7 9. 0-0 0-0 10. Bc4 b5 11. Bxf6 Nxf6 12. Bd5 Rb8 13. a3 Be6 14. Re1 Qc7 15. Qe2 Nxd5 16. Nxd5 Bxd5 17. exd5 f5 18. Nd4 exd4 19. Qxe7 Qxe7 20. Rxe7 Rfe8 21. Rxe8+ Rxe8 22. Kf1 Re5 23. Rd1 Rxd5 24. Ke2 Re5+ 25. Kd3 Re4 26. Rd2 Kf7 27. f3 Re5 28. Kxd4 Ke6 29. Kc3 a5 30. f4 Re4 31. g3 h6 32. h4 d5 33. Rd4 Kd6 34. Kd3 a4 35. b4 axb3 36. cxb3 Kc5 37. b4+ Kd6 38. Kc3 Re1 39. Kc2 Re3 40. Rd3 Re4 41. Kc3 Rc4+ 42. Kb3 d4 43. a4 Kd5 44. axb5 Rc8 45. b6 Ke4 46. b7 Rb8 47. Kc4 Rxb7 48. Rxd4+ Kf3 49. Rd3+ Ke4 50. Rb3 Rc7+ 51. Kb5 Kd5 52. Rd3+ Ke4 53. Rd6 g5 54. hxg5 hxg5 55. fxg5 Rc3 56. g6 Rxg3 57. Kc6 f4 58. Kd7 f3 59. Re6+ Kf5 60. Ke7 f2 61. Rf6+ Ke4 62. Rxf2 Rxg6 1/2-1/2

[Event "Chigorin Memorial 29th"]
[Site "St Petersburg"]
[Date "2022.10.30"]
[Round "9"]
[White "Chereshkevich, Yuri"]
[Black "Sannikov, Fedor"]
[Result "1/2-1/2"]
[WhiteElo "1723"]
[BlackElo "1446"]
[PlyCount "82"]
[EventDate "2022.10.22"]
[EventType "swiss"]
[EventRounds "9"]
[EventCountry "RUS"]
[SourceTitle "EXT 2024"]
[Source "ChessBase"]
[SourceDate "2023.10.10"]
[SourceVersion "1"]
[SourceVersionDate "2023.10.10"]
[SourceQuality "1"]

1. d4 d5 2. Nf3 Nf6 3. e3 e6 4. Bd3 Be7 5. 0-0 c5 6. b3 Nc6 7. Bb2 0-0 8. Nbd2 Nd7 9. c4 cxd4 10. exd4 Nf6 11. Rc1 b6 12. Qe2 Bb7 13. a3 Rc8 14. Rfd1 Bd6 15. c5 Be7 16. b4 Nb8 17. Nb3 Ne4 18. Rc2 f5 19. Rdc1 a5 20. Bb5 axb4 21. axb4 Bc6 22. Bxc6 Nxc6 23. cxb6 Qxb6 24. Ne5 Nxe5 25. Rxc8 Nc4 26. Rxf8+ Bxf8 27. f3 Nf6 28. Bc3 Bxb4 29. Bxb4 Qxb4 30. Qxe6+ Kf8 31. Rb1 Qc3 32. Qxf5 Na3 33. h3 Nxb1 34. Qxb1 Kf7 35. Qd1 Qe3+ 36. Kh1 Nh5 37. Nc5 Ng3+ 38. Kh2 Ne2 39. Nb3 Qf2 40. Qa1 Qe3 41. Qa7+ Kg6 1/2-1/2

[Event "Chigorin Memorial 29th"]
[Site "St Petersburg"]
[Date "2022.10.28"]
[Round "7"]
[White "Sokolova, Ekaterina"]
[Black "Sannikov, Fedor"]
[Result "1-0"]
[WhiteElo "1730"]
[BlackElo "1446"]
[PlyCount "55"]
[EventDate "2022.10.22"]
[EventType "swiss"]
[EventRounds "9"]
[EventCountry "RUS"]
[SourceTitle "EXT 2024"]
[Source "ChessBase"]
[SourceDate "2023.10.10"]
[SourceVersion "1"]
[SourceVersionDate "2023.10.10"]
[SourceQuality "1"]

1. d4 d5 2. c4 e5 3. dxe5 d4 4. Nf3 Nc6 5. a3 Bg4 6. Nbd2 Qd7 7. h3 Bh5 8. g3 0-0-0 9. Bg2 Be7 10. 0-0 g5 11. b4 g4 12. hxg4 Bxg4 13. b5 Nb8 14. Bb2 Bh3 15. Bxd4 Bxg2 16. Kxg2 Qe6 17. c5 c6 18. Ne4 cxb5 19. Nd6+ Bxd6 20. exd6 f6 21. Qd3 Nc6 22. Qxb5 Nh6 23. Rab1 Rd7 24. Rb2 Rf8 25. Qxc6+ bxc6 26. Rfb1 Rc7 27. Rb8+ Kd7 28. Rxf8 1-0